1442 1976 1403 1010 1998 1534 1569 1325 1851 1724 1603 1327 1952 1992 1603 1882 1699 1816 1562 1863 1115 1522 1960 1554 1509 1385 1110 1314 1270 1996 1328 1918 1735 1129 1560 1857 1389 1359 1226 1159 1189 1847 1257 1362 1466 1400 1234 1822 1050 1266 1944 1285 1501 1682 1557 1462 1386 1045 1469 1170 1765 1730 1887 1969 1502 1549 1358 1779 1478 1586 1301 1781 1355 1330 1234 1760 1069 1998 1040 1895 1202 1990 1277 1418 1227 1790 1051 1216 1396 1231 1046 1629 1480 1073 1594 1063 1411 1355 1821 BCNSPRNW ULIB Ver.6.0+V

เปลี่ยนเป็นภาษาไทย

Change to English
 แสดงรายละเอียดบรรณานุกรม
  กลับหน้าหลัก

Brief Record : Get Marc (ISO 2709) : E-mail record : QR code < ปิดหน้าต่าง
LEADER : 00000nam 2200000uu 4500
001    13399114328
003     ULIB
008    120321s2553||||th 000 0 tha d
020    ^a9786167081366
090    ^aนว.^bi111ท 2553
100 0  ^aIrgendwann im November
245 00 ^aทะเลรักลวงใจ/^cIrgendwann im November
250    ^aพิมพ์ครั้งที่ 1
260    ^aกรุงเทพฯ :^bสมาร์ทบุ๊ค,^c2553
300    ^a416 หน้า
710 1  ^aสมาร์ทบุ๊ค
945    ^p260^l0^i16661
995    ^aกัณชพร
999    ^aใช้งานได้ทุกระบบ
รายการนี้ยังไม่มีแท็ก
คุณยังไม่ได้ล็อกอิน คุณสามารถมีกิจกรรมร่วมกับเว็บไซต์ได้ แต่ต้องล็อกอินก่อน ::
  ล็อกอิน

รายการสื่อสารสนเทศ

ลำดับที่ ประเภท เลขเรียก/บาร์โค้ด สถานที่ สถานะ
1. นวนิยาย
นวนิยาย
นว. i111ท 2553  
  Barcode: 16661
ห้องสมุดวิทยาเขตสวรรค์ประชารักษ์
►นวนิยาย
บนชั้น
  ขอยืม

BibComment


ยังไม่เคยถูกคอมเมนท์

คอมเมนท์ทรัพยากรรายการนี้
  คอมเมนท์: ทะเลรักลวงใจ Irg..


 Copyright 2026. Bcnsprnw @Library